000 00802cam a22002417i 4500
001 a4795055
003 CO-ViMGA
005 20230915224039.0
008 100720s2009 sp a | |||| 000 c spa
020 _a9788498852660
040 _aCO-ViMGA
_bspa
_cCO-ViMGA
041 1 _heng
082 _a741.5
_bM45n
100 1 _aMilligan, Peter
_99062
245 1 0 _aNamor, en las profundidades /
_h[Texto impreso]
_c[Peter Milligan, guión ; Esad Ribic, dibujo ; Uriel Lóp̤ez, traducción]
260 _aTorroella de Montgrí, Girona
_bPanini España ;
_cD.L. 2009.
300 _a[120] p.
_bprincipalmente il. col.
_c29 cm.
490 0 _aMarvel graphic novelas
650 1 4 _aComics
_9284
650 1 4 _aTiras comicas, historietas, etc.
_92479
700 1 _aRibic, Esad
_d1972-
_99063
942 _2ddc
_cBK
999 _c11142
_d11142